<?xml version="1.0" encoding="UTF-8"?>
<collection xmlns="http://www.loc.gov/MARC21/slim">
    <record>
        <controlfield tag="001">99053</controlfield>
        <controlfield tag="005">20210428094803.0</controlfield>
        <datafield tag="020" ind1=" " ind2=" ">
            <subfield code="a">9788413401973</subfield>
        </datafield>
        <datafield tag="024" ind1="7" ind2=" ">
            <subfield code="2">doi</subfield>
            <subfield code="a">10.26754/uz.978841340197</subfield>
        </datafield>
        <datafield tag="037" ind1=" " ind2=" ">
            <subfield code="a">BOOK-2021-003</subfield>
        </datafield>
        <datafield tag="041" ind1=" " ind2=" ">
            <subfield code="a">spa</subfield>
        </datafield>
        <datafield tag="100" ind1=" " ind2=" ">
            <subfield code="a">Eito Mateo,Antonio</subfield>
        </datafield>
        <datafield tag="245" ind1=" " ind2=" ">
            <subfield code="a">El futuro del aragonés. Un análisis prospectivo y social.</subfield>
        </datafield>
        <datafield tag="260" ind1=" " ind2=" ">
            <subfield code="a">Zaragoza</subfield>
            <subfield code="b">Prensas de la Universidad de Zaragoza</subfield>
            <subfield code="c">2020</subfield>
        </datafield>
        <datafield tag="300" ind1=" " ind2=" ">
            <subfield code="a">237</subfield>
        </datafield>
        <datafield tag="520" ind1=" " ind2=" ">
            <subfield code="a">Esta obra presenta los resultados de una investigación prospectiva sobre el aragonés auspiciada por la «Cátedra Johan Ferrández d’Heredia». Así, se identifican posiciones y discursos respecto de la lengua aragonesa. Además, se proponen sinergias operativas que permitan avanzar en su conservación y dinamización. Es un patrimonio gravemente amenazado, como reconoce la UNESCO, cuyos custodios somos los aragoneses. Aunque hoy pueda parecer lo contrario, el aragonés ha sido una lengua de cultura, oficial y de la administración.</subfield>
        </datafield>
        <datafield tag="700" ind1=" " ind2=" ">
            <subfield code="a">Marcuello Servós, Chaime</subfield>
        </datafield>
        <datafield tag="856" ind1="0" ind2=" ">
            <subfield code="f">zaguan@unizar.es</subfield>
        </datafield>
        <datafield tag="856" ind1="4" ind2=" ">
            <subfield code="s">5452938</subfield>
            <subfield code="u">http://zaguan.unizar.es/record/99053/files/BOOK-2021-003.pdf</subfield>
        </datafield>
        <datafield tag="909" ind1="C" ind2="O">
            <subfield code="o">oai:zaguan.unizar.es:99053</subfield>
            <subfield code="p">books</subfield>
        </datafield>
        <datafield tag="980" ind1=" " ind2=" ">
            <subfield code="a">BOOK</subfield>
            <subfield code="b">PRENSASUZ</subfield>
        </datafield>
    </record>

    
</collection>